000 00528nam a2200193Ia 4500
003 OSt
005 20250211170710.0
008 210210b1955 xxu||||| |||| 00| 0 eng d
040 _cAL
041 _ahin
082 _a864/52
100 _aKHANNA (Harishchandra)
_9199226
110 _bखन्ना (हेमचन्द्र)
_9199227
245 _aRadio natak:
_bरेडियो नाटक
260 _aDilli
_bAtma Ram & Sons
_c1955
690 _aHindi Criticism
_9199230
906 _a023589
942 _2ddc
_cBK
999 _c148557
_d148557